The Routledge companion to postmodernism / (Record no. 332)

000 -LEADER
fixed length control field 01522nam a22004337a 4500
001 - CONTROL NUMBER
control field 16585629
003 - CONTROL NUMBER IDENTIFIER
control field OSt
005 - DATE AND TIME OF LATEST TRANSACTION
control field 20210419082203.0
008 - FIXED-LENGTH DATA ELEMENTS--GENERAL INFORMATION
fixed length control field 101220s2011 enk b 001 0 eng
010 ## - LIBRARY OF CONGRESS CONTROL NUMBER
LC control number 2010052483
020 ## - INTERNATIONAL STANDARD BOOK NUMBER
International Standard Book Number 9780415583329 (pbk. : alk. paper)
020 ## - INTERNATIONAL STANDARD BOOK NUMBER
International Standard Book Number 0415583322 (pbk. : alk. paper)
020 ## - INTERNATIONAL STANDARD BOOK NUMBER
International Standard Book Number 9780415583305 (alk. paper)
020 ## - INTERNATIONAL STANDARD BOOK NUMBER
International Standard Book Number 0415583306 (alk. paper)
020 ## - INTERNATIONAL STANDARD BOOK NUMBER
International Standard Book Number 9780203813201 (ebk.)
020 ## - INTERNATIONAL STANDARD BOOK NUMBER
International Standard Book Number 0203813200 (ebk.)
035 ## - SYSTEM CONTROL NUMBER
System control number (OCoLC)ocn694172175
040 ## - CATALOGING SOURCE
Original cataloging agency DLC
Transcribing agency DLC
Modifying agency YDXCP
-- BWX
-- OBE
-- DLC
042 ## - AUTHENTICATION CODE
Authentication code pcc
050 00 - LIBRARY OF CONGRESS CALL NUMBER
Classification number B831.2
Item number .R6795 2011
080 ## - UNIVERSAL DECIMAL CLASSIFICATION NUMBER
Universal Decimal Classification number 94
Item number R-83
082 00 - DEWEY DECIMAL CLASSIFICATION NUMBER
Classification number 149/.97
Edition number 22
100 ## - MAIN ENTRY--PERSONAL NAME
9 (RLIN) 226
Personal name Sim Stiuart
Relator term editor
245 04 - TITLE STATEMENT
Title The Routledge companion to postmodernism /
Statement of responsibility, etc. edited by Stuart Sim.
250 ## - EDITION STATEMENT
Edition statement 3rd ed.
260 ## - PUBLICATION, DISTRIBUTION, ETC.
Place of publication, distribution, etc. London ;
-- New York :
Name of publisher, distributor, etc. Routledge,
Date of publication, distribution, etc. 2011.
300 ## - PHYSICAL DESCRIPTION
Extent xiv, 328 p. ;
Dimensions 24 cm.
365 ## - TRADE PRICE
Price amount 17.53 usd
490 1# - SERIES STATEMENT
Series statement [Routledge companions]
500 ## - GENERAL NOTE
General note Previous ed.: 2005.
504 ## - BIBLIOGRAPHY, ETC. NOTE
Bibliography, etc. note Includes bibliographical references (p. 305-320) and index.
650 #0 - SUBJECT ADDED ENTRY--TOPICAL TERM
Topical term or geographic name entry element Postmodernism.
653 ## - INDEX TERM--UNCONTROLLED
Uncontrolled term პოსტმოდერნიზმი
700 1# - ADDED ENTRY--PERSONAL NAME
Personal name Sim, Stuart.
830 #0 - SERIES ADDED ENTRY--UNIFORM TITLE
Uniform title Routledge companions.
906 ## - LOCAL DATA ELEMENT F, LDF (RLIN)
a 7
b cbc
c orignew
d 1
e ecip
f 20
g y-gencatlg
942 ## - ADDED ENTRY ELEMENTS (KOHA)
Source of classification or shelving scheme
Koha item type Books
Holdings
Withdrawn status Lost status Source of classification or shelving scheme Damaged status Not for loan Permanent location Current location Date acquired Inventory number Total Checkouts Full call number Barcode Date last seen Price effective from Koha item type
          Ken Walker International University Ken Walker International University 11/20/2020 1027   94 R-83 1027 11/20/2020 11/20/2020 Books
          Ken Walker International University Ken Walker International University 11/21/2020 2069   94 R-83 2069 11/21/2020 11/21/2020 Books

Powered by Koha